000 00696 a2200181 4500
003 Nust
005 20230301110141.0
020 _a9789839154092
040 _cNust
082 _a297.954,ASA
100 _aAsad, Muhammad
_91343
245 _aState and Government in Islam /
_cMuhammad Asad
260 _aKuala lumpur
_bIslamic book trust
300 _a111
505 _aThe Issue before us (Page-1), Terminology and Historical Precedent (Page-18), Government by Consent and Council (Page-30), Relationship between Executive and Legislature (Page-51), The Citizens and the Government (Page-69), Conclusion (Page-95).
650 _aState and government in islamabad
_9109675
942 _2ddc
_cBK
999 _c178131
_d178131